Sanat - "Sinä olet minun" - Lauri Tähkä - Statistics

Yleistilastot
  • Tätä visaa on pelattu 50 kertaa
  • Keskiarvotulos 58 / 138
Vastaustilastot
Vastaus % Oikein
sen
100%
minun
93%
olet
93%
sinä
93%
jo
73%
luojalles
67%
ja
60%
kertomaan
60%
mee
60%
minä
60%
60%
olen
53%
pois
53%
sinun
53%
et
47%
kannetaan
47%
ken
47%
47%
on
47%
sun
47%
että
40%
mun
40%
nyt
40%
sua
40%
tiesin
40%
vain
40%
Alussa
33%
käymässä
33%
näin
33%
sut
33%
vaikka
33%
voi
33%
aika
27%
jäädä
27%
kauneinta
27%
kotiini
27%
kuinka
27%
lopun
27%
mennä
27%
mut
27%
rakkainta
27%
ryöstää
27%
täällä
27%
tän
27%
tietää
27%
tuollaiset
27%
varasti
27%
elämää
20%
hän
20%
käsittää
20%
katsokkin
20%
kirottu
20%
kuka
20%
lupaatko
20%
matkaasi
20%
mies
20%
mitä
20%
muistaa
20%
murtautua
20%
näinhän
20%
no
20%
palasen
20%
saattaa
20%
taas
20%
tajuaa
20%
tuhoamaan
20%
tuli
20%
varmista
20%
viis
20%
voisi
20%
ettei
13%
haluaa
13%
julma
13%
omaksi
13%
oottaa
13%
säätää
13%
satuja
13%
suruista
13%
tällaista
13%
ystävät
13%
kellot
7%
soi
7%
vaadin
7%
Ehtoja vastaavia visoja ei löytynyt
Tulosjakauma
Jokaisen tuloksen saaneiden osuus
Persentiili vastausten määrän mukaan
Tuloshistoriasi
Et ole pelannut tätä visaa